10+ Uruguay Caps Since 2000 - Statistics

General Stats
  • This quiz has been taken 61 times
  • The average score is 34 of 101
Answer Stats
Debut Last Most Apps For Pos Player Cps Gls % Correct
2008 2022 Paris Saint-Germain ST Edinson Cavani 135 56
100%
2007 Barcelona ST Luis Suárez 138 68
100%
2005 2022 Atlético Madrid CB Diego Godín 161 8
98%
2017 Real Madrid CM Federico Valverde 55 6
94%
2009 2022 Galatasaray GK Fernando Muslera 132
90%
2013 Atlético Madrid CB José María Giménez 84 8
90%
2002 2014 Atlético Madrid ST Diego Forlán 112 36
87%
2017 Juventus CM Rodrigo Bentancur 58 1
85%
2003 2018 Peñarol LW Cristian Rodríguez 110 11
75%
2000 2007 Peñarol CB Darío Rodríguez 49 3
75%
2019 Liverpool ST Darwin Núñez 23 11
75%
2019 Club América LW Brian Rodríguez 23 4
73%
2004 2005 Independiente CB Guillermo Rodríguez 12
73%
2014 Cruz Azul ST Jonathan Rodríguez 31 3
73%
2007 Juventus CB Martín Cáceres 115 4
71%
2022 Club América CB Sebastián Cáceres 11
71%
2018 Arsenal DM Lucas Torreira 39
69%
2020 Barcelona CB Ronald Araújo 15 1
67%
2008 2016 Porto LB Álvaro Pereira 83 7
60%
2005 2018 Benfica RB Maxi Pereira 125 3
60%
2011 Sporting CP CB Sebastián Coates 50 2
58%
2016 2024 Inter Milan CM Matías Vecino 68 5
50%
2006 2017 Lazio CM Álvaro González 72 3
48%
2012 2019 Girona ST Cristhian Stuani 50 8
48%
2019 Peñarol RB Giovanni González 17
48%
2006 2010 Montevideo Wanderers AM Nacho González 19 1
48%
2009 2012 Plaza Colonia CM Álvaro Fernández 12
46%
2006 2012 Nacional SS Sebastián Fernández 14 2
46%
1995 2007 Inter Milan SS Álvaro Recoba 49 4
44%
2003 2014 Fenerbahçe CB Diego Lugano 95 9
44%
2014 Flamengo AM Giorgian de Arrascaeta 44 10
44%
2010 2017 Palermo ST Abel Hernández 29 11
42%
2014 2018 Santos RM Carlos Sánchez 38 1
40%
2021 Sporting CP DM Manuel Ugarte 14
40%
2001 2008 Toluca LW Vicente Sanchez 31 5
40%
2017 Valencia ST Maxi Gómez 31 3
38%
2015 Cagliari CM Nahitan Nández 55
38%
2020 River Plate CM Nicolás de la Cruz 25 4
37%
2016 2019 Genoa LM Diego Laxalt 24
33%
2001 2014 Monaco DM Diego Pérez 89 2
33%
2022 Peñarol RW Facundo Pellistri 19 1
33%
2010 2018 Sampdoria AM Gastón Ramírez 43
33%
2017 København RB Guillermo Varela 13
33%
2000 2006 Schalke RM Gustavo Varela 24
33%
2019 Palmeiras LB Matías Viña 35
31%
2006 2014 Napoli DM Walter Gargano 64 1
31%
1994 2005 Málaga ST Darío Silva 31 8
29%
1994 2005 Cagliari CB Diego López 17
29%
2004 2013 Catania RW Jorge Martínez 14 1
29%
2022 Getafe LB Mathías Olivera 17 1
29%
2009 2019 Seattle Sounders AM Nicolás Lodeiro 60 5
29%
1997 2006 Defensor SS Nicolás Olivera 21 5
29%
1991 2005 Juventus CB Paolo Montero 31 3
29%
2001 2005 Racing Aprilia CM Rubén Olivera 18
29%
1996 2012 Botafogo ST Sebastian Abreu 63 24
29%
2003 2009 Groningen RB Bruno Silva 16
27%
2006 2017 Tigres UANL DM Egidio Arévalo 90
27%
2021 Orlando City LW Facundo Torres 16 1
27%
2014 2018 Independiente CB Gastón Silva 19
27%
2009 2019 Libertad GK Martín Silva 11
27%
1997 2007 PAOK DM Pablo García 54 2
25%
2022 Nacional GK Sergio Rochet 18
23%
2014 2017 Bordeaux ST Diego Rolán 25 4
19%
2020 Getafe CM Mauro Arambarri 11
19%
2017 2021 PSV AM Gastón Pereiro 13 5
17%
2021 Palmeiras LB Joaquín Piquerez 13
17%
1999 2009 Juventud GK Fabián Carini 64
15%
2006 2017 Porto RB Jorge Fucile 49
15%
1997 2005 Juventus ST Marcelo Zalayeta 17 4
15%
2001 2008 Lecce ST Javier Chevantón 22 7
13%
2001 2005 Nacional ST Richard Morales 27 6
13%
2001 2007 Peñarol RW Fabián Estoyanoff 30 4
12%
2022 Peñarol RW Agustín Canobbio 11 1
10%
2006 2013 Rubin Kazan CB Andrés Scotti 40 1
10%
2003 2008 Peñarol ST Carlos Bueno 23 11
10%
2006 2016 Nacional CB Mauricio Victorino 24
10%
2001 2013 Villarreal DM Sebastián Eguren 54 7
10%
2004 2009 Atlético Junior GK Sebastián Viera 15
10%
2006 2010 Peñarol CB Carlos Valdez 17
8%
1993 2002 Vicenza RB Gustavo Méndez 13
8%
2007 2011 Patriotas GK Juan Castillo 13
8%
1995 2004 Málaga CM Marcelo Romero 11
8%
2003 2005 Tecos DM Marcelo Sosa 26 2
8%
2014 2017 Universidad de Chile RB Mathías Corujo 22 1
8%
1998 2004 Levante GK Gustavo Munúa 19
6%
2003 2007 Real Zaragoza RB Carlos Diogo 21
4%
1993 2002 Cagliari AM Fabián O'Neill 11 1
4%
2000 2005 Internacional CB Gonzalo Sorondo 27
4%
2002 2007 Atlas ST Gonzalo Vargas 10 3
4%
1998 2007 Lecce DM Guillermo Giacomazzi 17
4%
2000 2007 Racing Santander LW Mario Regueiro 29 1
4%
2004 2007 Gimnasia CM Omar Pouso 15 1
4%
1999 2004 Nacional CB Alejandro Lembo 29 1
2%
1995 2002 Racing Santander ST Federico Magallanes 17 4
2%
1999 2004 Treviso DM Gianni Guigou 30
2%
2001 2004 Peñarol CB Joe Bizera 23 1
2%
1995 2002 Racing Santander RB Washington Tais 12
2%
2003 2004 Rosenborg CB Alejandro Lago 15
0%
1996 2005 Málaga DM Gonzalo de los Santos 18
0%
2002 2005 Nacional AM Martín Ligüera 14 3
0%
2001 2007 Vélez Sarsfield LB Pablo Lima 14 1
0%
No matching quizzes found
Score Distribution
Percent of People with Each Score
Percentile by Number Answered
Your Score History
You have not taken this quiz